Atleti più pagati nel 2020: top 5 - Statistics

Statistiche generali
  • Questo quiz è stato fatto 202 volte
  • Il punteggio medio è 4 su 5
Statistiche sulle risposte
# Guadagno Sport Atleta % Corretto
105 milioni $ Calcio Cristiano Ronaldo
97%
104 milioni $ Calcio Lionel Messi
93%
95,5 milioni $ Calcio Neymar
78%
106,3 milioni $ Tennis Roger Federer
77%
88,2 milioni $ Basket LeBron James
62%
Nessun quiz corrispondente trovato
Distribuzione punteggi
Percentuale di utenti per punteggio
Percentile per numero di risposta
I tuoi punteggi nel tempo
Non hai fatto questo quiz